Presidents and Heads of State of Austria since 1804 - with a picture - Statistics

General Stats
  • This quiz has been taken 15 times
  • The average score is 13 of 31
Answer Stats
Picture Hint Answer % Correct
1848-1916
Schwarzenberg, Buol/ Bach, Rechberg, Rainer Ferdinand/ Schmerling, Mensdorff, Belcredi, Beust, Auersperg, Taaffe, Plener, Artha, Potocki, Hohenwart, Holzgethan, Auersperg, Stremayr, Grätz, Kielmanegg, Badeni, Frankenthurn, Hohenstein, Aldringen, Wittek, Koerber, Hohenlohe, Beck, Schmerling, Stürgkh
Emperor
no party
Franz Joseph I.
100%
1804-1835
Stadion, Metternich
Emperor
no party
Franz I.
93%
1916-1918
Koerber, Martinic, Feuchtenegg, Heinlein, Lammasch
Emperor
no party
Karl I.
93%
1938-1945
Adolf Hitler
Leader (and Imperial Chancellor)
NSDAP
Adolf Hitler
79%
since 2017
Kern, Kurz, Löger, Bierlein, Schallenberg
Federal President
The Greens
Alexander Van der Bellen
79%
1986-1992
Sinowatz, Vranitzky
Federal President
no party
Kurt Waldheim
57%
2016-2017
Christian Kern
Third President of the National Council
Freedom Party of Austria
Norbert Hofer
57%
1835-1848
Metternich, Kolowrat, Ficquelmont, Pillersdorf, Doblhoff, Wessenberg, Schwarzenberg
Emperor
no party
Ferdinand I.
50%
1945
Goebbels, Krosigk
Imperial President
NSDAP
Karl Dönitz
50%
1945-1950
Renner, Figl
State Chancellor, Federal President
Social Democratic Party of Austria
Karl Renner
50%
1950-1951
Leopold Figl
Federal Chancellor
Austrian People's Party
Leopold Figl
50%
1974
Bruno Kreisky
Federal Chancellor
Social Democratic Party of Austria
Bruno Kreisky
43%
2004-2016
Schüssel, Gusenbauer, Faymann, Mitterlehner, Kern
Federal President
Social Democratic Party of Austria
Heinz Fischer
43%
1965
Josef Klaus
Federal Chancellor
Austrian People's Party
Josef Klaus
43%
1957
Julius Raab
Federal Chancellor
Austrian People's Party
Julius Raab
43%
1951-1957
Figl, Raab
Federal President
Social Democratic Party of Austria
Theodor Körner
43%
1938
Arthur Seyß-Inquart
Federal Chancellor
NSDAP
Arthur Seyß-Inquart
36%
2004
Wolfgang Schüssel
First President of the National Council
Austrian People's Party
Andreas Khol
29%
2004
Wolfgang Schüssel
Second President of the National Council
Social Democratic Party of Austria
Barbara Prammer
29%
2016-2017
Christian Kern
First President of the National Council
Social Democratic Party of Austria
Doris Bures
29%
1918-1920
Renner, Mayr
Member of the State Council, President of the National Assembly
Social Democratic Worker's Party of German Austria
Karl Seitz
29%
1974-1986
Kreisky, Sinowatz
Federal President
no party
Rudolf Kirchschläger
29%
1992-2004
Vranitzky, Klima, Schüssel
Federal President
Austrian People's Party
Thomas Klestil
29%
1928-1938
Seipel, Steeruwitz, Schober, Vaugoin, Ender, Buresch, Dollfuß, Schuschnigg, (Seyß-Inquart)(2Tage)
Federal President
Christian Social Party, Fatherland Front
Wilhelm Miklas
29%
1957-1965
Raab, Gorbach, Klaus
Federal President
Social Democratic Party of Austria
Adolf Schärf
21%
1965-1974
Klaus, Kreisky
Federal President
Social Democratic Party of Austria
Franz Jonas
21%
2016-2017
Christian Kern
Second President of the National Council
Austrian People's Party
Karlheinz Kopf
21%
1918-1919
Karl Renner
Member of the State Council
Christian Social Party
Johann Nepomuk Hauser
14%
1918-1919
Karl Renner
Member of the State Council
German National Union, later Great German People's Party & NSDAP
Franz Dinghofer
7%
1920-1928
Mayr, Schober, Breisky, Seipel, Ramek
Federal President
no party
Michael Hainisch
7%
2004
Wolfgang Schüssel
Third President of the National Council
Freedom Party of Austria
Thomas Prinzhorn
7%
No matching quizzes found
Score Distribution
Percent of People with Each Score
Percentile by Number Answered
Your Score History
You have not taken this quiz